| Tag |
First Indicator |
Second Indicator |
Subfields |
| LEADER |
00000cam a2200000 a 4500 |
| 001 |
in00001612621 |
| 005 |
20151023053017.0 |
| 008 |
990914s2000 ctua b 000 0 eng |
| 010 |
|
|
|a 99048390
|
| 020 |
|
|
|a 0761316590 (lib. bdg.)
|
| 035 |
|
|
|a (OCoLC)ocm42641643
|
| 040 |
|
|
|a DLC
|c DLC
|d TXA
|d UtOrBLW
|
| 042 |
|
|
|a lcac
|
| 049 |
|
|
|a TXAM
|
| 050 |
0 |
0 |
|a QL375.6
|b .G46 2000
|
| 082 |
0 |
0 |
|a 593.5/3
|2 21
|
| 100 |
1 |
|
|a George, Twig C.
|
| 245 |
1 |
0 |
|a Jellies :
|b the life of jellyfish /
|c Twig C. George.
|
| 264 |
|
1 |
|a Brookfield, Conn. :
|b Millbrook Press,
|c [2000]
|
| 264 |
|
4 |
|c ©2000
|
| 300 |
|
|
|a 1 volume (unpaged) :
|b color illustrations ;
|c 26 cm.
|
| 336 |
|
|
|a text
|b txt
|2 rdacontent
|
| 337 |
|
|
|a unmediated
|b n
|2 rdamedia
|
| 338 |
|
|
|a volume
|b nc
|2 rdacarrier
|
| 520 |
|
|
|a Describes the physical characteristics, habits, and natural environment of many species of jellyfish, through simple text and photographs.
|
| 586 |
|
|
|a Outstanding Science Trade Books for Children, 2001.
|
| 650 |
|
0 |
|a Jellyfishes
|v Juvenile literature.
|
| 650 |
|
1 |
|a Jellyfishes.
|
| 994 |
|
|
|a E0
|b TXA
|
| 948 |
|
|
|a cataloged
|b h
|c 2001/5/21
|d c
|e jlanham
|f 1:49:54 pm
|
| 999 |
|
|
|a MARS
|
| 999 |
f |
f |
|s 394a106c-be5e-35e0-8798-f55e61afdde1
|i 55bf7381-3534-3bb6-9d43-cd8a0b462a57
|t 0
|
| 952 |
f |
f |
|p ric
|a Texas A&M University
|b Rellis Campus
|c Joint Library Facility
|d Remote Storage
|t 0
|e QL375.6 .G46 2000
|h Library of Congress classification
|i unmediated -- volume
|m A14827500793
|
| 998 |
f |
f |
|a QL375.6 .G46 2000
|t 0
|l Remote Storage
|